Quizzes
Events
Quiz Creation
Community
Videos
Private Events
Remove Ads
Sign In
Join for FREE
Feedback
Dark Mode
Quiz Categories
Sports
Geography
Music
Movies
Television
Just For Fun
Miscellaneous
History
Literature
Language
Science
Gaming
Entertainment
Religion
Holiday
For Kids
Quiz Lab
Recent
Popular Today
Quiz Kudos Today
Editor Picks
Curator Picks
Quizzes by...
Day
Popularity
Type
Ratings
Length
Year
Community
Subscriptions
Recent Discussions
Orange Saloon
Badges
Playlists
Quests
Create
Leaderboards
Showdown
Live 5
Trivia Bingo
Activity
Puzzle Library
Sporcle Events
Private Events
Virtual Trivia
Globe League
Become a Host
Pub Owners
SporcleCon
Opinionation
Our Games
Videos
Blog
Mobile Apps
Partnerships
Remove Ads and Go Orange
Feedback
Movies
Disney
Marvel Cinematic Universe
Movie Resume
Movie Titles
Oscar
Actor
Actress
Director
Pixar
Role
Movie Quotes
Movie Characters
Box Office
Nominee
Best Picture
Star Wars
James Bond
Horror Movies
Movies
Disney
Marvel Cinematic Universe
Movie Resume
Movie Titles
Oscar
Actor
Actress
Director
Pixar
Role
Movie Quotes
Movie Characters
Box Office
Nominee
Best Picture
Star Wars
James Bond
Horror Movies
Random Quiz
Search Sporcle
×
Quiz Lab
Quiz Lab
Movies
Box Office
Type in answers that appear in a list
Type in answers that appear in a list
Classic
Best Score? Go Orange.
Animated Films in the Top 100 Worldwide Stats
Can you name the Animated Films in the Top 100 Highest Grossing Worldwide ?
By
icenine
8m
24 Questions
411 Plays
411 Plays
411 Plays
Comments
Comments
Give Quiz Kudos
Give Quiz Kudos
-
- Ratings
hide this ad
Replay
Link that replays current quiz
Next Quiz
Link to next quiz in quiz playlist
You Got
0%
They Got
Avg Score
63%
Avg Friend Score
Upgrade to see
Score Distribution
Jump to the score distribution portion of the page
Score
0/24
Timer
08:00
0
Plays Today
Year
Film
% Correct
2010
Toy Story 3
88.3%
2001
Shrek
86.1%
1999
Toy Story 2
85.4%
2004
Shrek 2
82.5%
2009
Up
80.3%
2003
Finding Nemo
76.6%
2008
WALL-E
76.6%
2006
Cars
75.7%
1994
The Lion King
74%
2004
The Incredibles
73.5%
2007
Ratatouille
70.6%
2001
Monsters, Inc.
69.8%
Year
Film
% Correct
1992
Aladdin
69.1%
2005
Madagascar
62.8%
2007
Shrek the Third
58.2%
2010
How to Train Your Dragon
56.2%
2008
Kung Fu Panda
55%
2010
Shrek Forever After
50.9%
2010
Tangled
50.9%
2010
Despicable Me
46%
2007
The Simpsons Movie
36%
2008
Madagascar: Escape 2 Africa
35.5%
2006
Ice Age: The Meltdown
34.8%
2009
Ice Age: Dawn of the Dinosaurs
33.6%
Quiz Playlist
Details
Report
Send in Message
Add To Playlist
Classic:
Type in answers that appear in a list
Quiz Source
Last Updated: Feb 16, 2017
Quiz Scoreboard
CHALLENGE
Sign Up to Join the Scoreboard
Show All
Scores
Hide
Comments
May contain spoilers
Recently Published
NBA Finals Game Top Scorers (2010s)
by flibbidy
Sports
5m
Guess the 'R' Things in 3 Words
by MSUKent
Miscellaneous
3m
Actor to Badly Drawn Movie III
by MoMosMoProblems
Movies
5m
More to Explore
Quiz From the Vault
Featured Blog Post
Where Does Lost Luggage Go?
hide this ad
You Might Also Like...
Tags
Animation Quiz
Box Office Quiz
100
Animated Movie
Box
highest
Highest Grossing
office
Top 100
Worldwide
Today's Top Quizzes in Movies
Browse Movies
hide this ad
Today's Top Quizzes in Box Office
Browse Box Office
Top Contributed Quizzes in Movies
1
Pixar Reveal II
2
How Long Is the Movie Title?
3
Pixar Reveal III
4
10 Quentin Tarantino Movies in Order
5
Adjectives in 00s Movies
6
Pixar Reveal IV
7
Movie Stars Gone to the Dogs
8
Adjectives in 10s Movies
9
Pixar Reveal V
10
Adjectives in 90s Movies
Explore More
Trending Topics
Marvel
Harry Potter
Disney
Kpop
Crossword
NBA
Anime
WWE
Puzzle
Song
Country
The Office
Soccer
Pokémon
NFL
hide this ad
More By:
icenine
Quiz
Plays
Rating
Category
Featured
Created
Ten+ Multi-Platinum Albums
89,299
4.41
Music
Sep 27, 2010
Most Weeks at #1: The Albums
15,285
4.57
Music
Aug 10, 2013
NFL: Top 10 Winningest QB by Franchise (AFC)
12,107
4.76
Sports
Nov 29, 2013
NFL: Top 10 Winningest QB by Franchise (NFC)
8,657
4.85
Sports
Nov 29, 2013
US Cities with Multiple Major Airports
5,349
1.83
Geography
May 7, 2010
Go to Creator's Profile
Score Distribution
Quiz Creator Spotlight
icenine
Follow
Send a Message
Quizzes Created
-
Created Quiz Play Count
-
More By This Creator
Popular Quizzes Today
1
Find the US States - No Outlines Minefield
2
Find the US States
3
The Countries of the World
4
10 Largest US States in Order
5
Find the Countries of Europe - No Outlines Minefield
6
US States
7
Guess the 'R' Things in 3 Words
8
NBA Finals Game Top Scorers (2010s)
More Movies Quizzes
Oscar-Nominated Performances - 2023
Published
Trending Quizzes
First Name TV: Leading Men
Match the Book to the Film II
First Name TV: Leading Women Drama
3-Word Movies in 1 Word II
Match the Book to the Film VI
Recently Updated
Women's Final Four Teams by Year
bhenderson79
Presidents Quartet II
eogle
Anything But Clue(do)
eogle
Anything But Oceanian Capitals
eogle
Anything But 7
eogle
Anything But Thing
eogle
Word Ladder: February 29
pecheneg
Song Title Questions
pecheneg
Women's NCAA Tournament #1 Seeds
pecheneg
Celebrity Mug Shots
pecheneg
Trending Topics
Harry Potter
Crossword
Kpop
Disney
Marvel
NBA
Anime
Song
Country
NFL
Soccer
The Office
WWE
Pokémon
Puzzle
Your Account Isn't Verified!
In order to create a playlist on Sporcle, you need to verify the email address you used during registration. Go to your
Sporcle Settings
to finish the process.
Report this User
Report this user for behavior that violates our
Community Guidelines
.
Details:
Send Report
Go to the Sporcle.com Mobile Site →
Comments